00998cam a2200241 a 450000100100000000500170001000800410002702000150006804000250008308200200010810000370012824500770016526000290024230000210027149000410029265000550033360000370038883000490042591000150047495201230048995201290061299900150074100000667220200929153955.0790130s1977 sp 000 0aspa  z8432502606 aDO-SdBNPbspacBNPHU a923.5946bM717d1 aMola, Emilio,d1887-1937.91857210aDar Akobba :bpáginas de sangre, de dolor y de gloria /cGeneral Mola. aMadrid :bDoncel,c1977. a255 p. ;c18 cm.1 aEl Libro de bolsillo Doncelvno. 137 4aRif revolt, 1921-1926xPersonal narratives.91857314aMOLA, EMILIO,d1887-1937.918574 3aEl Libro de bolsillo Doncel ;vno. 13798628 aEn proceso 001052708MOaGRbGRcCTd2009-09-01iLF1l0o923.5946 M717dp6672-10r2020-06-25w2020-06-25y2ZPréstamo interno 001053728MOaGRbGRcCTd2009-09-19iLF1l0o923.5946 M717dp6672-20r2020-06-25te. 2w2020-06-25y2ZPréstamo interno c6461d6461